Представление документа в формате RUSMARC

ПолеНазваниеЗначение
  Тип записи c
  Библиографический уровень m
001 Контрольный номер RU/УОНБ/EK_N/582740446
005 Дата корректировки 20260116115106.7
010 Индекс ISBN __
9 Тираж 600 экз.
013 Номер (ISMN) __
d Цена 15 к.
071 Издательские номер (звукозапись и ноты) 21
a Номер, присвоенный агентством 6994
100 Данные общей обработки __
a Данные общей обработки 20180619d1972 u y0rusy0189||||ca
101 Язык документа 0_
a Язык текста rus
f Язык титульного листа rus
102 Страна публикации __
a Страна публикации RU
105 Кодированные данные (монография) __
a Кодированные данные (монография) y###||||000|y
125 Кодированные данные звукозаписи и нотных изданий __
a Форма изложения нотного текста с|
128 Кодированные данные (звукозаписи-физические характеристики) __
a Кодированные данные: Музыкальная форма и тональность или лад fso
c Инструменты или голоса, рекомендуемые для солистов (устаревшее) vu||
200 Заглавие и сведения об ответственности 1_
a Заглавие Лаосские песни
e Сведения, относящиеся к заглавию [записаны с напева принцессы Лаоса Ноткеомани Суфанувонг]
e Сведения, относящиеся к заглавию соч. 51
f Первые сведения об ответственности рус. текст, предисл. и обраб. для голоса с фп. М. Осокина
210 Выходные данные 1_
a Место издания Москва
c Издательство Музыка
d Дата издания 1972
215 Физическое описание __
a Объем 12 с.
d Формат 29 см
300 Общие примечания __
a Общие примечания [Посвящ.] Ноткеомани Суфанувонг
327 Примечание о содержании 11
a Примечание о содержании Содерж.: Колыбельная ; Красивая девушка ; Лям той ; Цветок чампа
464 Аналитический уровень _0
1 2001
a Колыбельная
e Поздняя ночь, и луна ясна...
464 Аналитический уровень _0
1 2001
a Красивая девушка
e Гибок и строен твой стан...
464 Аналитический уровень _0
1 2001
a Лям той
e Милый, не могу тебе...
464 Аналитический уровень _0
1 2001
a Цветок чампа
e Цветок чампа! Хоть много лет...
500 Унифицированное заглавие 10
a Унифицированное заглавие Лаосские песни
606 Тематические рубрики 0_
a Основная рубрика Народные лаосские песни
610 Ключевые слова 0_
a Ключевые слова народные лаосские песни
686 Индексы других классификаций __
a Классификационный индекс 85.92(5Л)-4я43
a Классификационный индекс 85.943.4-42-092
2 Код системы rubbk
702 Вторичная интеллектуальная ответственность _1
a Фамилия Осокин
b Имя (инициалы) М.
4 Код отношения 730
4 Код отношения 080
4 Код отношения 030
801 Источник записи _0
a Страна RU
b Организация Ульяновская ОНБ
c Дата составления 20180619
g Правила каталогизации RCR
801 Источник записи _1
a Страна RU
b Организация Ульяновская ОНБ
c Дата составления 20180619
g Правила каталогизации RCR
901 Тип документа __
t Тип документа m
909 Создатель записи __
a Создатель записи Лобина Л. И.
910 Корректоры записи __
a Корректор записи Илямакова
938 Служебная информация __
a Имя БД noti
b Имя библиотеки УОНБ
c Имя АИБС МАРК-SQL
d Номер DOC_ID в БД 18596